000
00214 a2200097 4500
001
3366
100
_a
Klein, L
245
_a
Its easy to use electronic test equipment
260
_a
_b
Rider
_c
090
_c
2643
_d
2643
942
_a
NUST-CAE
_c
M
_c
18258
999
_c
238439
_d
238439